000
00299nam a22001217a 4500
008
170620b xxu||||| |||| 00| 0 eng d
041
_a
eng
080
_a
32
100
_a
20
101
_a
SHP
245
_a
AND WORLD POLITICS AMERICAS RESPONSE WAR AND REVOLUTION
_c
LEVIN.N.G
942
_2
udc
_c
BK
999
_c
18204
_d
18204